<?xml version="1.0" encoding="UTF-8"?><?xml-stylesheet type="text/xsl" href="static/style.xsl"?><OAI-PMH xmlns="http://www.openarchives.org/OAI/2.0/" xmlns:xsi="http://www.w3.org/2001/XMLSchema-instance" xsi:schemaLocation="http://www.openarchives.org/OAI/2.0/ http://www.openarchives.org/OAI/2.0/OAI-PMH.xsd"><responseDate>2026-04-14T15:35:53Z</responseDate><request verb="GetRecord" identifier="oai:uvadoc.uva.es:10324/8367" metadataPrefix="marc">https://uvadoc.uva.es/oai/request</request><GetRecord><record><header><identifier>oai:uvadoc.uva.es:10324/8367</identifier><datestamp>2021-06-18T06:35:36Z</datestamp><setSpec>com_10324_38</setSpec><setSpec>col_10324_787</setSpec></header><metadata><record xmlns="http://www.loc.gov/MARC21/slim" xmlns:doc="http://www.lyncode.com/xoai" xmlns:xsi="http://www.w3.org/2001/XMLSchema-instance" xmlns:dcterms="http://purl.org/dc/terms/" xsi:schemaLocation="http://www.loc.gov/MARC21/slim http://www.loc.gov/standards/marcxml/schema/MARC21slim.xsd">
<leader>00925njm 22002777a 4500</leader>
<datafield tag="042" ind1=" " ind2=" ">
<subfield code="a">dc</subfield>
</datafield>
<datafield tag="720" ind1=" " ind2=" ">
<subfield code="a">Esteban Rodríguez, Sonia</subfield>
<subfield code="e">author</subfield>
</datafield>
<datafield tag="260" ind1=" " ind2=" ">
<subfield code="c">2014</subfield>
</datafield>
<datafield tag="520" ind1=" " ind2=" ">
<subfield code="a">El objetivo de la presente memoria es la propuesta de un cambio de filosofía en las aulas de ESO. Concretamente aterrizamos nuestras propuestas en la asignatura de tecnología, pero la idea es que sea fácilmente extrapolable a otras asignaturas. Para poder llegar a las propuestas de implantación para el profesorado, comenzamos haciendo en el capítulo cero un breve resumen sobre la teoría de base que hemos tenido en cuenta para el desarrollo de la Inteligencia emocional (IE) en el aula. Proseguimos en el capítulo uno con un barrido por las teorías de aprendizaje que nos llevaron al coaching: Sócrates, Vygotsky y Bruner, para exponer en el capítulo siguiente qué, cómo y para qué proponemos el coaching en las aulas. Presentamos tres actividades basadas en nuestra filosofía de trabajo, una para cada curso de la ESO, y finalizamos exponiendo cómo la llevamos al aula durante el practicum y qué resultados obtuvimos. Cerramos el documento con unas conclusiones personales y una pequeña propuesta de desarrollo futuro.</subfield>
</datafield>
<datafield tag="024" ind2=" " ind1="8">
<subfield code="a">http://uvadoc.uva.es/handle/10324/8367</subfield>
</datafield>
<datafield ind1=" " ind2=" " tag="653">
<subfield code="a">Tecnología - Estudio y enseñanza (Secundaria)</subfield>
</datafield>
<datafield ind1=" " ind2=" " tag="653">
<subfield code="a">Inteligencia emocional</subfield>
</datafield>
<datafield ind1=" " ind2=" " tag="653">
<subfield code="a">Coaching educativo</subfield>
</datafield>
<datafield tag="245" ind1="0" ind2="0">
<subfield code="a">Del andamiaje y el aprendizaje por descubrimiento al Coaching educativo: Propuesta de un plan de implantación inicial para el profesor de tecnología de la E.S.O.</subfield>
</datafield>
</record></metadata></record></GetRecord></OAI-PMH>